000 00401nmm a2200157Ia 4500
008 251105s9999||||xx |||||||||||||||||und||
020 _a9788416110698
041 _aspa
100 _aNina
245 0 _aCon voz propia
264 _a[Madrid, España] :
_bExLibric,
_c2016
300 _a265 páginas
650 _aBiography
856 _uhttps://public.digitaliapublishing.com/a/85387
942 _cCF
999 _c77271
_d77271